Constitución Política de Colombia
Guardat en:
| Format: | Llibre |
|---|---|
| Idioma: | espanyol |
| Publicat: |
Bogotá
Nacional
1962
|
| Matèries: | |
| Etiquetes: |
Afegir etiqueta
Sense etiquetes, Sigues el primer a etiquetar aquest registre!
|
MARC
| LEADER | 00000nam a2200000 a 4500 | ||
|---|---|---|---|
| 001 | UCT9712 | ||
| 003 | CL-VaPUC | ||
| 008 | 970411e19620000CK |||||||||||||||||spa|d | ||
| 082 | 0 | 4 | |a 342.861 |b CON |2 21 |
| 245 | 1 | 0 | |a Constitución Política de Colombia |
| 300 | |a 158 p | ||
| 942 | |c BK | ||
| 945 | |d 19970411 00:00:00 |a paguirre | ||
| 260 | |a Bogotá |b Nacional |c 1962 | ||
| 500 | |a Acordada con la reforma plebiscitaria, los actos legislativos 1, 2, 3 y 4 de 1959, y con el número 1 de 1960 | ||
| 650 | 0 | |a Constituciones |9 255417 | |
| 650 | 0 | |a Derecho constitucional |9 222588 | |
| 650 | 0 | |a Soberanía |9 266726 | |
| 650 | 0 | |a Nacionalidad |9 357571 | |
| 650 | 0 | |a Extranjeros |9 358057 | |
| 650 | 0 | |a Derechos civiles y políticos |9 338684 | |
| 650 | 0 | |a Iglesia y Estado |9 254995 | |
| 650 | 0 | |a Poder político |9 255509 | |
| 650 | 0 | |a Parlamento |9 338611 | |
| 650 | 0 | |a Poder legislativo |9 258808 | |
| 650 | 0 | |a Poder ejecutivo |9 255177 | |
| 650 | 0 | |a Poder judicial |9 254871 | |
| 651 | 0 | |a Colombia |9 256424 | |
| 583 | |a last modification |c 19970411 00:00:00 |k Rodrigo Vera | ||
| 999 | |c 258091 |d 258089 | ||
| 952 | |0 0 |1 0 |4 0 |6 342_861000000000000_CON_1962 |7 0 |8 A |9 281895 |a BIBDER |b BIBDER |d 2019-11-19 |i 1829041 |o 342.861 CON 1962 |p 1829041 |r 2023-01-25 |w 2019-11-19 |y BK |k DER | ||